[Event "Oberliga Ost-B 1415"]
[Site "Germany"]
[Date "2015.04.12"]
[Round "11.7"]
[White "Feuerherdt, Martin"]
[Black "Orwatsch, Gerhard"]
[Result "0-1"]
[WhiteElo "1805"]
[BlackElo "2066"]
[PlyCount "62"]
[EventDate "2014.09.21"]
[EventType "team-tourn"]
[EventRounds "11"]
[EventCountry "GER"]
[SourceTitle "EXT 2016"]
[Source "ChessBase"]
[SourceDate "2015.10.08"]
[SourceVersion "1"]
[SourceVersionDate "2015.10.08"]
[SourceQuality "1"]
[WhiteTeam "Merseburg"]
[BlackTeam "Giessen"]
[WhiteTeamCountry "GER"]
[BlackTeamCountry "GER"]

1. e4 g6 2. d4 Bg7 3. Nf3 c5 4. Bc4 cxd4 5. Nxd4 Nc6 6. Be3 Nf6 7. Nc3 0-0 8. Qd2 Ng4 9. Nxc6 dxc6 10. 0-0 Nxe3 11. Qxe3 b5 12. Be2 Qb6 13. Qxb6 axb6 14. a3 Be6 15. Bf3 Be5 16. Rfd1 Ra5 17. Rd3 b4 18. Nd1 Rfa8 19. Rb1 bxa3 20. bxa3 b5 21. Ne3 Rxa3 22. Rxa3 Rxa3 23. Bg4 Bxg4 24. Nxg4 Bd4 25. Kf1 h5 26. Rd1 c5 27. Ne3 Bxe3 28. fxe3 Rxe3 29. Rd5 Rc3 30. Rd2 Kg7 31. Rf2 Re3 0-1

[Event "GER-chT U20"]
[Site "Naumburg Saale"]
[Date "2014.12.28"]
[Round "3.3"]
[White "Feuerherdt, Martin"]
[Black "Blumenthal, Clemens"]
[Result "1-0"]
[WhiteElo "1804"]
[BlackElo "1574"]
[PlyCount "57"]
[EventDate "2014.12.27"]
[EventType "team-swiss"]
[EventRounds "7"]
[EventCountry "GER"]
[SourceTitle "EXT 2016"]
[Source "ChessBase"]
[SourceDate "2015.10.08"]
[SourceVersion "1"]
[SourceVersionDate "2015.10.08"]
[SourceQuality "1"]
[WhiteTeam "Merseburg"]
[BlackTeam "Meuselwitz"]
[WhiteTeamCountry "GER"]
[BlackTeamCountry "GER"]

1. e4 c5 2. Nf3 d6 3. d4 cxd4 4. Nxd4 Nf6 5. Nc3 a6 6. Be2 e5 7. Nb3 Be6 8. f4 exf4 9. Bxf4 Nc6 10. Nd4 Qb6 11. Nxe6 fxe6 12. Qd2 Qd4 13. 0-0-0 Qxd2+ 14. Rxd2 e5 15. Be3 0-0-0 16. Bc4 b5 17. Be6+ Kb8 18. Rhd1 Be7 19. a3 Kc7 20. g4 h6 21. h4 b4 22. axb4 Nxb4 23. g5 hxg5 24. hxg5 Nd7 25. Na4 Nc5 26. Nxc5 dxc5 27. Rd7+ Kc6 28. Rxe7 Na2+ 29. Bxa2 1-0

[Event "Oberliga Ost-B 1415"]
[Site "Germany"]
[Date "2014.12.07"]
[Round "5.7"]
[White "Feuerherdt, Martin"]
[Black "Koller, Jens"]
[Result "0-1"]
[WhiteElo "1805"]
[BlackElo "2234"]
[PlyCount "66"]
[EventDate "2014.09.21"]
[EventType "team-tourn"]
[EventRounds "11"]
[EventCountry "GER"]
[SourceTitle "EXT 2016"]
[Source "ChessBase"]
[SourceDate "2015.10.08"]
[SourceVersion "1"]
[SourceVersionDate "2015.10.08"]
[SourceQuality "1"]
[WhiteTeam "Merseburg"]
[BlackTeam "Oberursel"]
[WhiteTeamCountry "GER"]
[BlackTeamCountry "GER"]

1. e4 c5 2. Nf3 e6 3. d4 cxd4 4. Nxd4 Nc6 5. Be2 Nf6 6. Nc3 Bb4 7. Nxc6 bxc6 8. Bf3 d5 9. exd5 cxd5 10. Qd4 Be7 11. Bf4 0-0 12. 0-0 Qb6 13. Qxb6 axb6 14. Rfd1 Bd7 15. Be2 Rfc8 16. a3 Ne8 17. Rac1 Bf6 18. Rd3 Bc6 19. Nd1 e5 20. Bg3 Bb5 21. Rxd5 Bxe2 22. Ne3 Rd8 23. Bxe5 Rxd5 24. Nxd5 Bxe5 25. Re1 Rd8 26. Ne7+ Kf8 27. Nc6 Rd1 28. Rxd1 Bxd1 29. Nxe5 Bxc2 30. Nd7+ Ke7 31. Nxb6 Bb3 32. Nc8+ Kd7 33. Na7 Nd6 0-1

[Event "GER-chT U16"]
[Site "Naumburg"]
[Date "2012.12.29"]
[Round "6"]
[White "Feuerherdt, Martin"]
[Black "Nitsche Hahn, Raphael"]
[Result "0-1"]
[WhiteElo "1803"]
[BlackElo "1892"]
[PlyCount "64"]
[EventDate "2012.12.27"]
[EventType "team-swiss"]
[EventRounds "7"]
[EventCountry "GER"]
[SourceTitle "EXT 2014"]
[Source "ChessBase"]
[SourceDate "2013.11.20"]
[SourceVersion "1"]
[SourceVersionDate "2013.11.20"]
[SourceQuality "1"]
[WhiteTeam "Merseburg"]
[BlackTeam "Vaterstetten"]
[WhiteTeamCountry "GER"]
[BlackTeamCountry "GER"]

1. e4 c5 2. Nf3 Nc6 3. d4 cxd4 4. Nxd4 g6 5. Be3 Bg7 6. Nc3 Nf6 7. Nxc6 bxc6 8. f4 0-0 9. e5 Ne8 10. Be2 Nc7 11. 0-0 d6 12. exd6 exd6 13. Bd4 Ne6 14. Bxg7 Qb6+ 15. Kh1 Nxg7 16. Na4 Qa5 17. b3 d5 18. Qe1 Qc7 19. Qc3 Bf5 20. Rad1 Rae8 21. Bd3 Re7 22. Rde1 Rfe8 23. Rxe7 Rxe7 24. g3 Bh3 25. Re1 Nf5 26. Bf1 d4 27. Qd2 Bxf1 28. Rxf1 Re3 29. Re1 Qe7 30. Rd1 Nxg3+ 31. hxg3 Rxg3 32. Qh2 Qe4+ 0-1

[Event "GER-chT U14"]
[Site "Magdeburg"]
[Date "2010.12.27"]
[Round "2.3"]
[White "Feuerherdt, Martin"]
[Black "Spilke, Paul"]
[Result "1-0"]
[WhiteElo "1471"]
[BlackElo "1628"]
[PlyCount "51"]
[EventDate "2010.12.27"]
[EventType "team-swiss"]
[EventRounds "7"]
[EventCountry "GER"]
[SourceTitle "CBM 140 Extra"]
[Source "ChessBase"]
[SourceDate "2011.03.01"]
[SourceVersion "1"]
[SourceVersionDate "2011.03.01"]
[SourceQuality "1"]
[WhiteTeam "Merseburg"]
[BlackTeam "Baumschulenweg"]
[WhiteTeamCountry "GER"]
[BlackTeamCountry "GER"]

1. e4 e6 2. d4 d5 3. Nc3 Bb4 4. exd5 exd5 5. Bd3 Nf6 6. Bg5 0-0 7. Qd2 b6 8. 0-0-0 Bb7 9. Nf3 Nbd7 10. Ne5 Be7 11. Bf5 Nxe5 12. dxe5 Ne4 13. Nxe4 dxe4 14. Qxd8 Bxd8 15. Bf4 g6 16. Bd7 Be7 17. e6 fxe6 18. Bxe6+ Kh8 19. Bxc7 Bc6 20. h4 h5 21. g4 Rxf2 22. gxh5 gxh5 23. Bd5 Bxd5 24. Rxd5 Rc8 25. Rg1 Rf7 26. Rxh5+ 1-0

[Event "GER-chT U14"]
[Site "Arendsee"]
[Date "2009.12.30"]
[Round "7.4"]
[White "Laimer, Tobias"]
[Black "Feuerherdt, Martin"]
[Result "0-1"]
[WhiteElo "1646"]
[BlackElo "1382"]
[PlyCount "70"]
[EventDate "2009.12.27"]
[EventType "team-swiss"]
[EventRounds "7"]
[EventCountry "GER"]
[SourceTitle "EXT 2022"]
[Source "ChessBase"]
[SourceDate "2021.10.06"]
[SourceVersion "1"]
[SourceVersionDate "2021.10.06"]
[SourceQuality "1"]
[WhiteTeam "Ergolding FC U14"]
[BlackTeam "Merseburg U14"]
[WhiteTeamCountry "GER"]
[BlackTeamCountry "GER"]

1. d4 d5 2. c4 e6 3. Nc3 Nf6 4. Bg5 Nbd7 5. Nf3 c6 6. e3 Qa5 7. Bxf6 Nxf6 8. Bd3 Bb4 9. Qc2 dxc4 10. Bxc4 Nd5 11. Bxd5 exd5 12. 0-0 0-0 13. Ne2 Bg4 14. Ne5 Be6 15. Nf4 Bd6 16. Nfd3 Bf5 17. Qd1 Qb5 18. a4 Qb6 19. Qf3 Be4 20. Qe2 Qc7 21. h3 Rfe8 22. f4 Qe7 23. Kh2 f6 24. g4 fxe5 25. dxe5 Bc7 26. Nf2 Qb4 27. Rfd1 c5 28. h4 h6 29. g5 hxg5 30. hxg5 Kf7 31. Kg3 Rh8 32. Nd3 Qb6 33. Qg4 Rad8 34. Rac1 c4 35. Nf2 Qxe3+ 0-1

[Event "GER-chT WK U18 4th"]
[Site "Kiel"]
[Date "2008.06.01"]
[Round "4.4"]
[White "Sukhachev, Maxim"]
[Black "Feuerherdt, Martin"]
[Result "0-1"]
[WhiteElo "949"]
[BlackElo "1242"]
[PlyCount "58"]
[EventDate "2008.05.31"]
[EventType "team-swiss"]
[EventRounds "7"]
[EventCountry "GER"]
[SourceTitle "EXT 2010"]
[Source "ChessBase"]
[SourceDate "2010.11.25"]
[SourceVersion "1"]
[SourceVersionDate "2010.11.25"]
[SourceQuality "1"]

1. e4 e5 2. Nf3 Nc6 3. Bc4 Bc5 4. Nc3 Nf6 5. d3 h6 6. Be3 Bd4 7. 0-0 a6 8. Qd2 Bxe3 9. fxe3 d6 10. d4 Qe7 11. h3 b5 12. Bd5 Bb7 13. b3 Rb8 14. a4 b4 15. Ne2 a5 16. Ng3 0-0 17. Rf2 Rfe8 18. dxe5 Nxe5 19. Bxb7 Rxb7 20. Nf5 Nxf3+ 21. Rxf3 Qxe4 22. Rd1 Rbb8 23. c4 Nd7 24. Re1 Nc5 25. Rf4 Qe5 26. Qc2 Qc3 27. Qxc3 bxc3 28. Rc1 Rxb3 29. Rc2 Nxa4 0-1